|
|
|
|
| LEADER |
00000cam a2200000 4500 |
| 001 |
vtls011893927 |
| 003 |
SK-MaSNL |
| 005 |
20260301224917.0 |
| 008 |
200507s2019 xo af ar 000 j slo |
| 015 |
|
|
|a SNBA2020/01
|
| 020 |
|
|
|a 9788055168685
|q (viazané)
|
| 035 |
|
|
|a urn:nbn:sk:snk-am00dxi0
|
| 035 |
|
|
|a urn:nbn:sk:snk-am3i8lh
|
| 035 |
|
|
|a 161F7DF1-EF2F-4154-B9B5-AC49BA29699E
|
| 040 |
|
|
|a SNK
|b slo
|c SNK
|e rda
|
| 041 |
1 |
|
|a slo
|h ger
|
| 044 |
|
|
|a xo
|c SK
|
| 072 |
|
7 |
|a 821.112.2-3
|x Nemecká próza, nemecky písaná
|2 konspekt
|
| 072 |
|
7 |
|a 82-93
|x Literatúra pre deti a mládež (beletria)
|2 konspekt
|
| 080 |
|
|
|a 821.112.2-34
|2 2011
|
| 080 |
|
|
|a 82-93-053.4/.5
|2 2011
|
| 100 |
1 |
|
|a Amft, Diana,
|d 1975-
|4 aut
|9 195108
|
| 240 |
1 |
4 |
|a Die kleine Spinne Widerlich. Das Geschwisterchen
|l Slovensky
|
| 245 |
1 |
0 |
|a Pavúčik Zlatúšik
|p Malá sestrička
|c Diana Amftová ; ilustrovala Martina Matosová ; preložila Jana H. Hoffstädter
|
| 246 |
3 |
0 |
|a Malá sestrička
|
| 246 |
1 |
|
|i Séria:
|a Pavúčik zlatúšik
|
| 250 |
|
|
|a Prvé vydanie
|
| 264 |
|
1 |
|a Bratislava
|b Ikar, a.s. - Stonožka
|c 2019
|
| 300 |
|
|
|a 24 nečíslovaných strán
|b farebné ilustrácie, farebné ilustrované listy
|c 24 cm
|
| 336 |
|
|
|a text
|b txt
|2 rdacontent
|
| 336 |
|
|
|a statický obraz
|b sti
|2 rdacontent
|
| 337 |
|
|
|a bez média
|b n
|2 rdamedia
|
| 338 |
|
|
|a zväzok
|b nc
|2 rdacarrier
|
| 500 |
|
|
|a Preložené z nemčiny
|
| 500 |
|
|
|a Obsahuje biografické údaje o autorke a ilustrátorke
|
| 521 |
8 |
|
|a Pre deti od 3 rokov
|
| 655 |
|
7 |
|a nemecké rozprávky
|2 SNKPH
|9 70666
|
| 655 |
|
7 |
|a literatúra pre deti
|2 SNKPH
|9 87135
|
| 655 |
|
7 |
|a German fairy tales
|2 SNKPHeng
|9 283777
|
| 655 |
|
7 |
|a Children's literature
|2 SNKPHeng
|9 276039
|
| 700 |
1 |
|
|a Matos, Martina,
|d 1978-
|4 ill
|9 435292
|
| 700 |
1 |
|
|a Hoffstädter, Jana H.,
|d 1980-
|4 trl
|9 172312
|
| 787 |
0 |
8 |
|i Zo série:
|t Pavúčik Zlatúšik
|g 4
|
| 919 |
|
|
|a 978-80-551-6868-5
|
| 954 |
|
|
|a beletria cudzojazyčná (svetová)
|2 lita
|
| 958 |
|
|
|a LX
|
| 958 |
|
|
|a DB
|
| 958 |
|
|
|a UP
|
| 968 |
|
|
|b DT
|
| 999 |
|
|
|c 949010
|d 950940
|
| 952 |
|
|
|a SNK
|b SNK
|y PREZ
|7 0
|p 17A1413274
|o snkSC 187291
|i snk2019/32600
|8 0
|0 0
|1 0
|4 0
|d 2019-12-20
|f 1
|l 0
|r 2026-02-24 09:43:24
|w 2026-02-24
|
| 952 |
|
|
|a SNK
|b SNK
|y VYP
|7 0
|p 17A1413275
|o snkSC 187291 D1
|i snk2019/32601
|8 0
|0 0
|1 0
|4 0
|d 2019-12-20
|l 0
|r 2026-02-24 09:43:24
|w 2026-02-24
|